000 00293nam a2200121Ia 4500
008 190216s9999||||xx |||||||||||||| ||und||
100 _aCharls Kttel
245 0 _aIntroduction To Solid State Physics
260 _bWiley Eastern Ltd
_c1976
300 _a599p
650 _aPhysics
942 _cBK
999 _c33578
_d33578